000 00471nam a22001697a 4500
003 OSt
008 260416b |||||||| |||| 00| 0 eng d
082 _a589.2
_bK98S
100 _aKumari, Anupam
245 _aStudies on Diversity of Fungal Flora Associated with Crop Health of Piper Longum
260 _aPusa, Samastipur
_bRAU, Pusa, Plant Pathology
_c2012
300 _a41P.
502 _bMsc.
_d2012
650 _aPlant Pathology
700 _aMsc.
942 _2ddc
_cT
999 _c50072
_d50072